Dzielnice Krosna - Statystyki

Ogólne statystyki
  • Ten quiz został rozwiązany 21 razy
  • Średni wynik to 7 z 12
Statystyki odpowiedzi
Odpowiedź % Poprawnych
Turaszówka
80%
Śródmieście
73%
Krościenko
67%
Polanka
67%
Suchodół
60%
Zawodzie
60%
Białobrzegi
53%
Os. ks. Bronisława Markiewicza
47%
Os. Stefana Grota-Roweckiego
40%
Os. Traugutta
40%
Os, Tysiąclecia
40%
Os. Południe
27%
Nie znaleziono quizów pasujących do podanych kryteriów
Rozkład punktacji
Procent ludzi z każdym wynikiem
Percentyl według liczby udzielonych odpowiedzi
Twoja historia wyników
Nie rozwiązałeś tego quizu